• 首页
  • 本馆介绍
  • 公告通知
  • 最新文献
  • 馆藏检索
  • 电子资源
  • 读者导购
  • 参考咨询
  • 我的图书馆
  • 登录
  • 详细信息显示
  • 放入我的书架
  • 预约/预借图书
  • 作者相关作品
  • 分类相关作品
  • 丛书相关作品
  • 出版社相关作品

书目信息

  • 表格格式
  • 工作单格式
  • 卡片格式
题名:
造物的困惑
    
 
作者: 陈建华 著
分册:  
出版信息: 上海   上海科学技术出版社  2003
页数: 134页
开本: 19cm
丛书名: 看世界
单 册:
中图分类: Q785
科图分类:
主题词: 遗传工程--转化 , 遗传工程--无性繁殖
电子资源:
ISBN: 7-5323-7109-3
000 00822oam2 2200277 45
001 090000000957
005 20051121171144.06
010    @a7-5323-7109-3@dCNY20.00
092    @aCN
100    @a20040404d2003 ekmy0chiy0120 ea
101 0  @achi
102    @aCN@b310000
105    @aa z 000yy
200 1  @a造物的困惑@9zao wu de kun huo@e人工智能和人造生命@f陈建华著@Fchen jian hua zhu
210    @a上海@c上海科学技术出版社@d2003
215    @a134页@c图@d19cm
225 2  @a看世界
300    @a科学技术部“十五”科普资助项目
461  0 @12001 @a看世界
517 1  @a人工智能和人造生命@9ren gong zhi neng he ren zao sheng ming
606 0  @a遗传工程@x转化
606 0  @a遗传工程@x无性繁殖
690    @aQ785@v4
701  0 @a陈建华@Achen jian hua@4著
801  0 @aCN@bCXYBOOK@c20051121
905    @a10447@dQ785@e69
    
    造物的困惑:人工智能和人造生命/陈建华著.-上海:上海科学技术出版社,2003
    134页:图;19cm.-(看世界)
    科学技术部“十五”科普资助项目
    
    ISBN 7-5323-7109-3:CNY20.00
    
●
相关链接 在E读中查询图书 在五车中查询图书 在当当中查询图书 在豆瓣中查询图书


正题名:造物的困惑     索取号:Q785/69         预约/预借

序号 登录号 条形码 馆藏地/架位号 状态 备注
1 0368497   203684977   第二样本阅览室/ [索取号:Q785/69] 在馆    
2 0368498   203684986   第三借阅区/ [索取号:Q785/69] 在馆    
唐山师范学院图书馆 欢迎您!
大连网信软件有限公司© 版权所有